Control theory for partial differential equations: Continuous and approximation theories. 1 : Abstract parabolic theories

Salvato in:
Dettagli Bibliografici
Autori principali: Lasiecka, Irena (Autore), Triggiani, Robertro (Autore)
Natura: Libro
Lingua:inglese
Pubblicazione: Cambridge : Cambridge University Press, 2000
Soggetti:
Tags: Aggiungi Tag
Nessun Tag, puoi essere il primo ad aggiungerne!!

MARC

LEADER 00000nam a22000003a 4500
001 stu53654
005 20150617225702.9
008 000522s2000----uk------------------eng-d
020 |a 0-521-43408-4 
040 |a STU  |b slo 
041 0 |a eng 
044 |a uk 
080 |a 517.977 
080 |a 519.95 
084 |a C1120  |2 INS 
084 |a C1330  |2 INS  |7 stu_us_auth*stu6810 
100 1 |a Lasiecka, Irena  |4 aut 
245 1 |a Control theory for partial differential equations: Continuous and approximation theories. 1 :  |b Abstract parabolic theories 
260 |a Cambridge :  |b Cambridge University Press,  |c 2000 
300 |a 644 s 
650 7 |a matematická teória riadenia  |2 stusub 
650 7 |a optimálne riadenie  |2 stusub 
700 1 |a Triggiani, Robertro  |4 aut 
996 |b 284EK83328  |c E*83328  |l EE03  |s P  |a 0  |w stu53654_0001